Los ojos puestos en la realidad (Registro nro. 271653)

Detalles MARC
001 - NÚMERO DE CONTROL
campo de control 789307
005 - FECHA Y HORA DE LA ÚLTIMA TRANSACCIÓN
campo de control 20240305093625.0
008 - DATOS DE LONGITUD FIJA--INFORMACIÓN GENERAL
campo de control de longitud fija 021204s2002 spa
035 ## - NÚMERO DE CONTROL DEL SISTEMA
Número de control de sistema 789307
035 ## - NÚMERO DE CONTROL DEL SISTEMA
Número de control de sistema (OCoLC)820001572
040 ## - FUENTE DE LA CATALOGACIÓN
Centro/agencia transcriptor comduadb
041 ## - CÓDIGO DE LENGUA
Código de lengua del texto/banda sonora o título independiente spa
100 10 - ENTRADA PRINCIPAL--NOMBRE DE PERSONA
Nombre de persona Mendiola Mejia, Carlos
Código de función aut
Número de control del registro de autoridad o número normalizado (viaf)305867064
Término indicativo de función/relación Autor/a
9 (RLIN) 342514
245 14 - MENCIÓN DE TÍTULO
Título Los ojos puestos en la realidad
600 #0 - PUNTO DE ACCESO ADICIONAL DE MATERIA--NOMBRE DE PERSONA
Nombre de persona Berger, John
Fechas asociadas al nombre 1926-2017
9 (RLIN) 573638
650 ## - PUNTO DE ACCESO ADICIONAL DE MATERIA--TÉRMINO DE MATERIA
Término de materia o nombre geográfico como elemento de entrada Realismo
9 (RLIN) 33430
650 ## - PUNTO DE ACCESO ADICIONAL DE MATERIA--TÉRMINO DE MATERIA
Término de materia o nombre geográfico como elemento de entrada Posmodernidad
9 (RLIN) 81206
650 ## - PUNTO DE ACCESO ADICIONAL DE MATERIA--TÉRMINO DE MATERIA
Término de materia o nombre geográfico como elemento de entrada Bacon, Francis, 1561-1626 - Crítica e interpretación
9 (RLIN) 174795
650 ## - PUNTO DE ACCESO ADICIONAL DE MATERIA--TÉRMINO DE MATERIA
Término de materia o nombre geográfico como elemento de entrada Realidad en la literatura
9 (RLIN) 23239
650 ## - PUNTO DE ACCESO ADICIONAL DE MATERIA--TÉRMINO DE MATERIA
Término de materia o nombre geográfico como elemento de entrada Realidad en el arte
9 (RLIN) 82800
650 ## - PUNTO DE ACCESO ADICIONAL DE MATERIA--TÉRMINO DE MATERIA
Término de materia o nombre geográfico como elemento de entrada Imaginación
9 (RLIN) 2083
650 ## - PUNTO DE ACCESO ADICIONAL DE MATERIA--TÉRMINO DE MATERIA
Término de materia o nombre geográfico como elemento de entrada Optimismo
9 (RLIN) 15848
650 #7 - PUNTO DE ACCESO ADICIONAL DE MATERIA--TÉRMINO DE MATERIA
Término de materia o nombre geográfico como elemento de entrada Pesimismo
Fuente del encabezamiento o término lemb
9 (RLIN) 3890
773 0# - ENLACE AL DOCUMENTO FUENTE/ENTRADA DE REGISTRO ANFITRIÓN
Título Revista de Filosofía. Universidad Iberoamericana (México)
Parte(s) relacionada(s) Volumen 35, Número 103, Enero-Abril 2002, p. 125-145
Número de control del registro 106978
Número Internacional Normalizado para Publicaciones Seriadas 0185-3481
Número bibliográfico anfitrión 92043
942 ## - ELEMENTOS DE ENTRADA AGREGADA (KOHA)
Tipo de ítem Koha Artículo de Revista

No hay ítems disponibles.